Frontlash: Race and the Politics of Punishment

Gespeichert in:  
Bibliographische Detailangaben
1. VerfasserIn: Weaver, Vesla M. 1979- (Verfasst von)
Medienart: Druck Buch
Sprache:Englisch
Veröffentlicht: [Erscheinungsort nicht ermittelbar] Harvard University 2007
In:Jahr: 2007
Verfügbarkeit prüfen: HBZ Gateway
Subito Bestelldienst: Jetzt bestellen.

MARC

LEADER 00000cam a22000002c 4500
001 1912563053
003 DE-627
005 20250124054952.0
007 tu
008 241217s2007 xx ||||| 00| ||eng c
035 |a (DE-627)1912563053 
035 |a (DE-599)KXP1912563053 
040 |a DE-627  |b ger  |c DE-627  |e rda 
041 |a eng 
084 |a 2,1  |2 ssgn 
100 1 |a Weaver, Vesla M.  |d 1979-  |e VerfasserIn  |0 (DE-588)1053954239  |0 (DE-627)790845415  |0 (DE-576)386951640  |4 aut 
109 |a Weaver, Vesla M. 1979- 
245 1 0 |a Frontlash: Race and the Politics of Punishment 
264 1 |a [Erscheinungsort nicht ermittelbar]  |b Harvard University  |c 2007 
336 |a Text  |b txt  |2 rdacontent 
337 |a ohne Hilfsmittel zu benutzen  |b n  |2 rdamedia 
338 |a Band  |b nc  |2 rdacarrier 
787 0 8 |i Forschungsdaten  |a Office of Justice Assistance, Research, and Statistics  |t Law Enforcement Assistance Administration Profile Data, (1968-1978)  |d [Erscheinungsort nicht ermittelbar] : [Verlag nicht ermittelbar], 1985  |w (DE-627)1840068825 
787 0 8 |i Forschungsdaten  |a United States Department of Justice. Office of Justice Programs. Bureau of Justice Statistics  |t Race of Prisoners Admitted to State and Federal Institutions in the United States, 1926-1986  |d [Erscheinungsort nicht ermittelbar] : [Verlag nicht ermittelbar], 1991  |w (DE-627)1840067373 
935 |a mkri 
951 |a BO 
ELC |b 1 
LOK |0 000 xxxxxcx a22 zn 4500 
LOK |0 001 4637528550 
LOK |0 003 DE-627 
LOK |0 004 1912563053 
LOK |0 005 20241217044511 
LOK |0 008 241217||||||||||||||||ger||||||| 
LOK |0 035   |a (DE-2619)ICPSR130851 
LOK |0 040   |a DE-2619  |c DE-627  |d DE-2619 
LOK |0 092   |o n 
LOK |0 852   |a DE-2619 
LOK |0 852 1  |9 00 
LOK |0 935   |a nacp 
LOK |0 939   |a 17-12-24  |b l01 
ORI |a SA-MARC-krimdoka001.raw